00456nam a2200193Ia 4500003000900000008004100009040001300050040001300063041000800076100002200084245007200106250001100178260000800189260000900197300001100206300001000217490002900227490000600256IT-RoPAU120407s9999 xx 000 0 und d aIT-RoPAU cIT-RoPAU aita aPasquale Galluppi aKant esposto e criticato nelle lettere filosofiche e nelle lezioni. aTorino aSei c1935 a139 p. c19 cm aLetture di filosofia, 15 v1